书目信息 |
| 题名: |
科技日语汉译技巧
|
|
| 作者: | 杨鸿石 编 | |
| 分册: | ||
| 出版信息: | 上海 上海科学技术出版社 1986 |
|
| 页数: | 504页 | |
| 开本: | 19cm | |
| 丛书名: | ||
| 单 册: | ||
| 中图分类: | H365.9 | |
| 科图分类: | ||
| 主题词: | 日语-翻译--方法 , 翻译-日语--方法 | |
| 电子资源: | ||
| ISBN: | ||
| 000 | 00673nam0 2200253 45 | |
| 001 | 0186006706 | |
| 005 | 20040510110814.6 | |
| 010 | @dCNY2.95 | |
| 091 | @a15119.2292 | |
| 100 | @a19951101d1986 em y0chiy0121 ea | |
| 101 | 0 | @achi |
| 102 | @aCN@b310000 | |
| 105 | @ay z 000yy | |
| 106 | @ar | |
| 200 | 10 | @a科技日语汉译技巧@Ake ji ri yu han yi ji qiao@f杨鸿石编 |
| 210 | @a上海@c上海科学技术出版社@d1986 | |
| 215 | @a504页@d19cm | |
| 606 | @a日语-翻译@x方法 | |
| 606 | @a翻译-日语@x方法 | |
| 690 | @aH365.9@v3 | |
| 701 | 0 | @a杨鸿石@4编@Ayang hong shi |
| 801 | 0 | @aCN@b深圳图书馆@c20040510 |
| 801 | 2 | @aCN@bNLC@c20040510 |
| 905 | @f4@b155761-764@dH365.9@e143 | |
| 科技日语汉译技巧/杨鸿石编.-上海:上海科学技术出版社,1986 |
| 504页;19cm |
| ISBN :CNY2.95 |
| ● |
| 相关链接 |
|
|
|
|
正题名:科技日语汉译技巧
索取号:H365.9/143
 
预约/预借
| 序号 | 登录号 | 条形码 | 馆藏地/架位号 | 状态 | 备注 |
| 1 | 0155761 | 001153673 | 第四借阅区/ [索取号:H365.9/143] | 在馆 | |
| 2 | 0155762 | 001153897 | 密集书库/ [索取号:H365.9/143] | 在馆 | |
| 3 | 0155763 | 001153717 | 密集书库/ [索取号:H365.9/143] | 在馆 | |
| 4 | 0155764 | 001153753 | 密集书库/ [索取号:H365.9/143] | 在馆 | |
| 5 | 0155765 | 001153780 | 第二样本阅览室/ [索取号:H365.9/143] | 在馆 |